| 000 | 00659nam a2200193 4500 | ||
|---|---|---|---|
| 001 | 123965 | ||
| 003 | ES-MaACL | ||
| 005 | 20230906192302.0 | ||
| 007 | t| | ||
| 008 | 070214s1970 sp r ||||1| spa d | ||
| 100 | 1 |
_aRamos Rodríguez, María del Pilar. _995350 |
|
| 245 | 1 | 3 |
_aLa conspiración del triángulo / _cMaría del Pilar Ramos Rodríguez. |
| 260 |
_aSevilla : _bUniversidad, _c1970. |
||
| 300 |
_a159 p. ; _c23 cm. |
||
| 490 | 1 |
_aAnales de la universidad hispalense. Filosofía y letras ; _v5 |
|
| 830 | 0 |
_aAnales de la universidad hispalense. Filosofía y letras ; _v5 _9182759 |
|
| 852 |
_aES-MaACL _jC-44525 _bR.74202 |
||
| 999 |
_c123965 _d123965 |
||